000 00610nam a2200193 i 4500
001 80722
003 ES-MaACL
005 20230906174300.0
007 t|
008 041029s1946 xxk ||||1| eng d
100 1 _aHolmes, Ernest John.
_964053
245 1 2 _aA modern biology /
_cby Ernest J. Holmes and R. Darnley Gibbs ; foreword by Ralph H. Crowley.
250 _a[3rd ed.].
260 _aCambridge :
_bCambridge University Press,
_c1946.
300 _aXVI, 278 p. :
_bil. ;
_c19 cm.
700 1 _aDarnley Gibbs, R.
_942743
700 1 _aCrowley, Ralph H.
_941745
852 _aES-MaACL
_jC-4877
_bR.25593
999 _c80722
_d80722